000 00287nam a2200121Ia 4500
008 191201s2009 xx 000 0 und d
100 _aSHARMA, D K
245 0 _aBusiness Research Methods
260 _aN.Delhi
_bVayu Edu. India
_c2009
300 _a726
650 _aMBA
942 _2ddc
_cBK
999 _c4080
_d4080